Представление документа в формате RUSMARC

ПолеНазваниеЗначение
  Тип записи a
  Библиографический уровень m
001 Контрольный номер RU/IS/BASE/356113404
005 Дата корректировки 20260512161220.4
010 Индекс ISBN __
a ISBN 978-5-699-33899-3 (в пер.)
100 Данные общей обработки __
a Данные общей обработки 19091221d2010 |||y0rusy0189 ca
101 Язык документа 0_
a Язык текста rus
102 Страна публикации __
a Страна публикации RU
105 Кодированные данные (монография) __
a Кодированные данные (монография) y zzzz000zy
200 Заглавие и сведения об ответственности 0_
a Заглавие Правда о Допетровской Руси. "Золотой век" Русского государства
f Первые сведения об ответственности Андрей Буровский
b Общее обозначение материала Текст
210 Выходные данные 1_
a Место издания М.
c Издательство Яуза
c Издательство ЭКСМО
c Издательство Эксмо
d Дата издания 2010
215 Физическое описание __
a Объем 412, [2] с.
225 Серия 2_
a Серия Вся правда о России
330 Аннотация __
a Аннотация Автор доказывает, что 12 столетие было подлинным "золотым веком" Русского государства - гораздо более развитым, богатым, свободным, гораздо ближе к Европе, чем после петровских "реформ".
517 Другие варианты заглавия 1_
a Другие варианты заглавия Золотой век" Русского государства
600 Персоналии _1
a Персоналии (Фамилия) Алексей Михайлович
c Дополнение к имени царь
600 Персоналии _1
a Персоналии (Фамилия) Федор Алексеевич
c Дополнение к имени царь
600 Персоналии _1
a Персоналии (Фамилия) Милославские
600 Персоналии _1
a Персоналии (Фамилия) Голицины
600 Персоналии _1
a Персоналии (Фамилия) Романовы
606 Тематические рубрики __
a Основная рубрика История
z Хронологическая подрубрика 12 в.
606 Тематические рубрики __
a Основная рубрика Россия в IX - XVII вв.
610 Ключевые слова 0_
a Ключевые слова древнерусская история; древнерусская культура; древнерусская государственность; древнерусские княжества; цари; персоналии; государственная деятельность; исторические личности; князья; средневековая история
686 Индексы других классификаций __
a Классификационный индекс 63.3(2)412
700 Автор _1
a Фамилия Буровский
b Имя А. М.
g Полное личное имя Андрей Михайлович
4 Код отношения 070
801 Источник записи _0
a Страна RU
b Организация Муниципальное бюджетное учреждение культуры "Централизованная библиотечная система" г. Сургут (Центральная городская библиотека им. А. С. Пушкина)
801 Источник записи _1
a Страна RU
b Организация Муниципальное бюджетное учреждение культуры "Централизованная библиотечная система" г. Сургут (Центральная городская библиотека им. А. С. Пушкина)
852 Данные о местонахождении __
j Шифр хранения 63.3(2)412
i Авторский знак Б 91
901 Тип документа __
t Тип документа m
990 Данные о заказе (DOS) __
j Количество экземпляров (DOS) #